000 01400cam a2200397 a 4500
005 20260322212028.0
008 data
010 _a 2016297059
020 _a9780804179515 (pbk.)
020 _a0804179514 (pbk.)
040 _aJRG
_beng
_cJRG
_dDLC
_dYDXCP
_dBTCTA
_dBDX
_dOCLCQ
_dDLC
042 _alccopycat
050 0 0 _aPN6728.P4
_bS32557 2015
082 0 0 _a741.5/6973
_223
099 _aSCHULC
100 1 _aSchulz, Charles M.
_d1922-2000,
_q(Charles Monroe),
_eauthor.
_eauthor.
240 1 0 _aPeanuts.
_kSelections
245 1 0 _aPeanuts :
_bfriends forever /
_cCharles M. Schulz.
246 3 0 _aFriends forever
260 _aNew York. :
_bBallantine Books,
_c2015.
300 _a150 pages :
_bcolor illustrations ;
_c23 cm
336 _atext
_btxt
_2rdacontent
336 _astill image
_2rdacontent
337 _aunmediated
_bn
_2rdamedia
338 _avolume
_bnc
_2rdacarrier
650 0 _aFriendship
_vComic books, strips, etc.
650 0 _aAmerican wit and humor
_vPictorial works.
650 7 _aAmerican wit and humor.
_2fast
_0(OCoLC)fst00807457
650 7 _aComic books, strips, etc.
_2fast
_0(OCoLC)fst00869145
650 7 _aFriendship.
_2fast
_0(OCoLC)fst00935174
655 7 _aCaricatures and cartoons.
_2fast
_0(OCoLC)fst01423691
655 7 _aPictorial works.
_2fast
_0(OCoLC)fst01423874
655 7 _aComic books, strips, etc.
_2gsafd
655 7 _aGraphic novels.
_2lcgft
001 data
999 _c652
_d652